000
00255 a2200133 4500
001
150806
040
_c
Escola São Tomás de Aquino
240
1
0
_a
Natal
_l
por
245
1
0
_a
Natal
300
_a
18
362
0
_a
1987
697
_a
RELIGIÃO
942
_c
BK
999
_c
150806
_d
150806